<?xml version="1.0" encoding="UTF-8"?>
<collection xmlns="http://www.loc.gov/MARC21/slim">
 <record>
  <leader>03083caa a2200433 c 4500</leader>
  <controlfield tag="001">1838764658</controlfield>
  <controlfield tag="003">DE-627</controlfield>
  <controlfield tag="005">20230711040452.0</controlfield>
  <controlfield tag="007">cr cn 008aaaaa</controlfield>
  <controlfield tag="008">230309s1962    xx |||||oo    00| ||ger c</controlfield>
  <datafield tag="024" ind1="7" ind2=" ">
   <subfield code="a">10.11588/kc.1962.12.92700</subfield>
   <subfield code="2">doi</subfield>
  </datafield>
  <datafield tag="035" ind1=" " ind2=" ">
   <subfield code="a">(DE-627)1838764658</subfield>
  </datafield>
  <datafield tag="035" ind1=" " ind2=" ">
   <subfield code="a">(DE-599)KXP1838764658</subfield>
  </datafield>
  <datafield tag="035" ind1=" " ind2=" ">
   <subfield code="a">(OCoLC)1389864594</subfield>
  </datafield>
  <datafield tag="040" ind1=" " ind2=" ">
   <subfield code="a">DE-627</subfield>
   <subfield code="b">ger</subfield>
   <subfield code="c">DE-627</subfield>
   <subfield code="e">rda</subfield>
  </datafield>
  <datafield tag="041" ind1=" " ind2=" ">
   <subfield code="a">ger</subfield>
  </datafield>
  <datafield tag="084" ind1=" " ind2=" ">
   <subfield code="a">KUNST</subfield>
   <subfield code="q">DE-16</subfield>
   <subfield code="2">fid</subfield>
  </datafield>
  <datafield tag="100" ind1="1" ind2=" ">
   <subfield code="a">Wentzel, Hans</subfield>
   <subfield code="d">1913-1975</subfield>
   <subfield code="e">VerfasserIn</subfield>
   <subfield code="0">(DE-588)118766953</subfield>
   <subfield code="0">(DE-627)07954682X</subfield>
   <subfield code="0">(DE-576)209428422</subfield>
   <subfield code="4">aut</subfield>
  </datafield>
  <datafield tag="245" ind1="1" ind2="0">
   <subfield code="a">[Rezension von: Jean Helbig, Corpus Vitrearum Medii Aevi, Belgique, Bd. 1, 1200-1500, Les vitraux médiévaux conservés en Belgique - Eva Frodl-Kraft, Corpus Vitrearum Medii Aevi, Österreich, Bd. 1, Die mittelalterlichen Glasgemälde in Wien]</subfield>
   <subfield code="c">Hans Wentzel</subfield>
  </datafield>
  <datafield tag="264" ind1=" " ind2="1">
   <subfield code="c">1962</subfield>
  </datafield>
  <datafield tag="300" ind1=" " ind2=" ">
   <subfield code="b">Illustrationen</subfield>
  </datafield>
  <datafield tag="336" ind1=" " ind2=" ">
   <subfield code="a">Text</subfield>
   <subfield code="b">txt</subfield>
   <subfield code="2">rdacontent</subfield>
  </datafield>
  <datafield tag="337" ind1=" " ind2=" ">
   <subfield code="a">Computermedien</subfield>
   <subfield code="b">c</subfield>
   <subfield code="2">rdamedia</subfield>
  </datafield>
  <datafield tag="338" ind1=" " ind2=" ">
   <subfield code="a">Online-Ressource</subfield>
   <subfield code="b">cr</subfield>
   <subfield code="2">rdacarrier</subfield>
  </datafield>
  <datafield tag="500" ind1=" " ind2=" ">
   <subfield code="a">Elektronische Reproduktion der Druckausgabe</subfield>
  </datafield>
  <datafield tag="520" ind1=" " ind2=" ">
   <subfield code="a">Rezension zu: Corpus Vitrearum Medii Aevi. Belgique. Tome I: Jean Helbig, Les Vitraux medievaux conservös en Belgique 1200 — 1500, fidite par le Ministöre de l'Education Nationale et de la Culture, Bruxelles 1961. 296 Seiten, 171 Abbildungen.Corpus Vitrearum Medii Aevi. Österreich, Band I: Eva Frodl-Kraft, Die mittelalterlichen Glasgemälde in Wien. Verlag H. Böhlaus Nachf., Graz-Wien-Köln 1962. XXXVI und 156 Seiten, 37 Textabb. und 309 Abb., 25 Textfig., 8 Farbtafeln, 5 Tafeln Vergleichsabbildungen.</subfield>
  </datafield>
  <datafield tag="533" ind1=" " ind2=" ">
   <subfield code="a">Online-Ausgabe</subfield>
   <subfield code="b">Heidelberg</subfield>
   <subfield code="c">arthistoricum.net</subfield>
   <subfield code="d">2023</subfield>
   <subfield code="7">|2023||||||||||</subfield>
  </datafield>
  <datafield tag="655" ind1=" " ind2="7">
   <subfield code="a">Rezension</subfield>
   <subfield code="0">(DE-588)4049712-4</subfield>
   <subfield code="0">(DE-627)106186019</subfield>
   <subfield code="0">(DE-576)209083166</subfield>
   <subfield code="2">gnd-content</subfield>
  </datafield>
  <datafield tag="773" ind1="0" ind2="8">
   <subfield code="i">Enthalten in</subfield>
   <subfield code="t">Kunstchronik</subfield>
   <subfield code="d">Heidelberg : Universitätsbibliothek Heidelberg, 2019</subfield>
   <subfield code="g">15(1962), 12, Seite 350-357</subfield>
   <subfield code="h">Online-Ressource</subfield>
   <subfield code="w">(DE-627)1670038009</subfield>
   <subfield code="w">(DE-600)2979370-1</subfield>
   <subfield code="x">2510-7534</subfield>
   <subfield code="7">nnas</subfield>
  </datafield>
  <datafield tag="773" ind1="1" ind2="8">
   <subfield code="g">volume:15</subfield>
   <subfield code="g">year:1962</subfield>
   <subfield code="g">number:12</subfield>
   <subfield code="g">pages:350-357</subfield>
  </datafield>
  <datafield tag="787" ind1="0" ind2="8">
   <subfield code="i">Rezension von</subfield>
   <subfield code="a">Helbig, Jean, 1895 - 1984</subfield>
   <subfield code="t">Corpus vitrearum Medii Aevi - Belgique ; 1 : 1200 - 1500: Les vitraux médiévaux conservés en Belgique</subfield>
   <subfield code="d">Bruxelles : Weissenbruch, 1962</subfield>
   <subfield code="h">296 S.</subfield>
   <subfield code="w">(DE-627)1071184504</subfield>
   <subfield code="w">(DE-576)001184504</subfield>
  </datafield>
  <datafield tag="787" ind1="0" ind2="8">
   <subfield code="i">Rezension von</subfield>
   <subfield code="a">Frodl-Kraft, Eva, 1916 - 2011</subfield>
   <subfield code="t">Corpus vitrearum Medii Aevi - Österreich ; Bd. 1: Die mittelalterlichen Glasgemälde in Wien</subfield>
   <subfield code="d">Graz : Böhlau, 1962</subfield>
   <subfield code="h">XXXVI, 156 S.</subfield>
   <subfield code="w">(DE-627)1071184490</subfield>
   <subfield code="w">(DE-576)001184490</subfield>
  </datafield>
  <datafield tag="856" ind1="4" ind2="0">
   <subfield code="u">https://doi.org/10.11588/kc.1962.12.92700</subfield>
   <subfield code="x">Verlag</subfield>
   <subfield code="x">Resolving-System</subfield>
   <subfield code="z">kostenfrei</subfield>
   <subfield code="3">Volltext</subfield>
   <subfield code="7">0</subfield>
  </datafield>
  <datafield tag="856" ind1="4" ind2="0">
   <subfield code="u">https://journals.ub.uni-heidelberg.de/index.php/kchronik/article/view/92700</subfield>
   <subfield code="x">Verlag</subfield>
   <subfield code="z">kostenfrei</subfield>
   <subfield code="3">Volltext</subfield>
   <subfield code="7">0</subfield>
  </datafield>
  <datafield tag="951" ind1=" " ind2=" ">
   <subfield code="a">AR</subfield>
  </datafield>
  <datafield tag="994" ind1=" " ind2=" ">
   <subfield code="u">https://journals.ub.uni-heidelberg.de/index.php/kchronik/article/view/92700/87324</subfield>
  </datafield>
  <datafield tag="994" ind1=" " ind2=" ">
   <subfield code="u">https://journals.ub.uni-heidelberg.de/index.php/kchronik/article/view/92700/87324</subfield>
  </datafield>
  <datafield tag="991" ind1=" " ind2=" ">
   <subfield code="a">Rezension (Monographie, Zeitschrift, Aufsatz)</subfield>
  </datafield>
  <datafield tag="999" ind1=" " ind2=" ">
   <subfield code="a">KXP-PPN1838764658</subfield>
   <subfield code="e">4370092337</subfield>
  </datafield>
 </record>
</collection>
